<?xml version="1.0" encoding="UTF-8"?>
<record
    xmlns:xsi="http://www.w3.org/2001/XMLSchema-instance"
    xsi:schemaLocation="http://www.loc.gov/MARC21/slim http://www.loc.gov/standards/marcxml/schema/MARC21slim.xsd"
    xmlns="http://www.loc.gov/MARC21/slim">

  <leader>02544nam a22003377i 4500</leader>
  <datafield tag="999" ind1=" " ind2=" ">
    <subfield code="c">22908</subfield>
    <subfield code="d">22908</subfield>
  </datafield>
  <controlfield tag="003">AR-CdUCM</controlfield>
  <controlfield tag="008">240521b20222022 pe||||| |||| 00| 0 spa d</controlfield>
  <datafield tag="020" ind1=" " ind2=" ">
    <subfield code="a">978-612-49070-7-4</subfield>
  </datafield>
  <datafield tag="040" ind1=" " ind2=" ">
    <subfield code="a">MUNICIPALIDAD PROVINCIAL DEL CUSCO</subfield>
    <subfield code="c">BIBLIOTECA MUNICIPAL DEL CUSCO</subfield>
  </datafield>
  <datafield tag="082" ind1=" " ind2=" ">
    <subfield code="a">985.04 / M88</subfield>
    <subfield code="b">M88</subfield>
  </datafield>
  <datafield tag="100" ind1=" " ind2=" ">
    <subfield code="a">Montalvo, Enmanuel.</subfield>
  </datafield>
  <datafield tag="245" ind1=" " ind2=" ">
    <subfield code="a">Nuevas miradas a las independencias. </subfield>
    <subfield code="b">Actores, procesos e instituciones / </subfield>
  </datafield>
  <datafield tag="260" ind1=" " ind2=" ">
    <subfield code="a">Lima :</subfield>
    <subfield code="b">Ministerio de Cultura del Per&#xFA;,</subfield>
    <subfield code="b">Proyecto Especial Bicentenario de la Independencia del Per&#xFA;,</subfield>
    <subfield code="c">2022</subfield>
  </datafield>
  <datafield tag="300" ind1=" " ind2=" ">
    <subfield code="a">229 p&#xE1;ginas. :</subfield>
    <subfield code="c">20 cm.</subfield>
  </datafield>
  <datafield tag="500" ind1=" " ind2=" ">
    <subfield code="z">Bibliograf&#xED;a: p&#xE1;ginas 224 - 227</subfield>
  </datafield>
  <datafield tag="505" ind1=" " ind2=" ">
    <subfield code="a">El Real Cuerpo de Serenos 1804-1821 y la primera instituci&#xF3;n policial peruana -- "Se acabara el dinero, pero no el deseo de ayudar a la madre patria". Donativos de guerra desde la Gaceta del Gobierno de Lima en el r&#xE9;gimen de Abascal 1810 - 1816 -- Liderazgos, discursos e intereses diversos. El rol de los religiosos durante el proceso de independencia en Hu&#xE1;nuco -- Huarochir&#xED; en el proceso independentista desde las acciones del curaca Ignacio Quispe Ninavilca: una perspectiva localista de la gesta -- "Por su patriotismo y adhesi&#xF3;n a la sagrada causa de la independencia ". La junta de Calificaci&#xF3;n patri&#xF3;tica de Arequipa, 1825 - 1826 -- Formas de Historicidad en el manuscrito Historia del Per&#xFA; de Juan Basilio Cortegana</subfield>
  </datafield>
  <datafield tag="650" ind1=" " ind2=" ">
    <subfield code="a">El Real Cuerpo de Serenos 1804-1821 y la primera instituci&#xF3;n policial peruana </subfield>
    <subfield code="9">49896</subfield>
  </datafield>
  <datafield tag="650" ind1=" " ind2=" ">
    <subfield code="a">"Se acabara el dinero, pero no el deseo de ayudar a la madre patria". Donativos de guerra desde la Gaceta del Gobierno de Lima en el r&#xE9;gimen de Abascal 1810 - 1816</subfield>
    <subfield code="9">49897</subfield>
  </datafield>
  <datafield tag="650" ind1=" " ind2=" ">
    <subfield code="a">Liderazgos, discursos e intereses diversos. El rol de los religiosos durante el proceso de independencia en Hu&#xE1;nuco</subfield>
    <subfield code="9">49898</subfield>
  </datafield>
  <datafield tag="650" ind1=" " ind2=" ">
    <subfield code="a">Huarochir&#xED; en el proceso independentista desde las acciones del curaca Ignacio Quispe Ninavilca: una perspectiva localista de la gesta</subfield>
    <subfield code="9">49899</subfield>
  </datafield>
  <datafield tag="650" ind1=" " ind2=" ">
    <subfield code="a">"Por su patriotismo y adhesi&#xF3;n a la sagrada causa de la independencia ". La junta de Calificaci&#xF3;n patri&#xF3;tica de Arequipa, 1825 - 1826</subfield>
    <subfield code="9">49900</subfield>
  </datafield>
  <datafield tag="650" ind1=" " ind2=" ">
    <subfield code="a"> Formas de Historicidad en el manuscrito Historia del Per&#xFA; de Juan Basilio Cortegana</subfield>
    <subfield code="9">49901</subfield>
  </datafield>
  <datafield tag="700" ind1=" " ind2=" ">
    <subfield code="a">Jes&#xFA;s Yarango</subfield>
    <subfield code="9">49902</subfield>
  </datafield>
  <datafield tag="700" ind1=" " ind2=" ">
    <subfield code="a">Gonzalo Zavala</subfield>
    <subfield code="9">49903</subfield>
  </datafield>
  <datafield tag="700" ind1=" " ind2=" ">
    <subfield code="a">Erik Lionel Felix</subfield>
    <subfield code="9">49904</subfield>
  </datafield>
  <datafield tag="700" ind1=" " ind2=" ">
    <subfield code="a">Helbert Suyo</subfield>
    <subfield code="9">49905</subfield>
  </datafield>
  <datafield tag="700" ind1=" " ind2=" ">
    <subfield code="a">Juan Antonio Lan</subfield>
    <subfield code="9">49906</subfield>
  </datafield>
  <datafield tag="856" ind1=" " ind2=" ">
    <subfield code="f">www.bicentenario.gob.pe/biblioteca</subfield>
  </datafield>
  <datafield tag="942" ind1=" " ind2=" ">
    <subfield code="2">ddc</subfield>
    <subfield code="c">LIBROS</subfield>
  </datafield>
  <datafield tag="945" ind1=" " ind2=" ">
    <subfield code="a">pbj</subfield>
    <subfield code="d">2024-05-21</subfield>
  </datafield>
  <datafield tag="952" ind1=" " ind2=" ">
    <subfield code="0">0</subfield>
    <subfield code="2">ddc</subfield>
    <subfield code="4">0</subfield>
    <subfield code="7">0</subfield>
    <subfield code="a">SH</subfield>
    <subfield code="b">SH</subfield>
    <subfield code="c">CART</subfield>
    <subfield code="d">2024-05-21</subfield>
    <subfield code="e">Dep&#xF3;sito Legal</subfield>
    <subfield code="g">20.00</subfield>
    <subfield code="o">985.04 / M88 </subfield>
    <subfield code="p">SH0000016745</subfield>
    <subfield code="r">2024-05-21</subfield>
    <subfield code="y">LIBROS</subfield>
  </datafield>
</record>
